Shadows Of The Night - Pat Benatar (All Lyrics) - Statistics

General Stats
  • This quiz has been taken 9 times
  • The average score is 270 of 303
Answer Stats
Answer % Correct
a
100%
all
100%
alright
100%
alright,
100%
baby,
100%
be
100%
but
100%
can
100%
come
100%
dreams
100%
end
100%
end...
100%
hand,
100%
I
100%
in
100%
it
100%
it's
100%
me
100%
my
100%
night
100%
not
100%
of
100%
running
100%
shadows
100%
Surrender
100%
take
100%
the
100%
They'll
100%
to
100%
tonight
100%
true
100%
we
100%
We're
100%
will?
100%
with
100%
You
100%
you
100%
"You
100%
your
100%
can't
88%
cold
88%
down
88%
easy,
88%
inside,
88%
keep
88%
let
88%
say
88%
tough
88%
world
88%
yourself"
88%
and
75%
And
75%
felt"
75%
love
75%
on
75%
said,
75%
So
75%
you'll
75%
are
63%
cry,
63%
ever
63%
fast
63%
hide
63%
moving
63%
pain
63%
time
63%
too
63%
way
63%
when
63%
won't
63%
you've
63%
angel,
50%
know
50%
last
50%
like,
50%
Midnight
50%
now
50%
that
50%
ain't
38%
'cause
38%
don't
38%
else
38%
feels
38%
got
38%
meant
38%
nobody
38%
still
38%
alibi
25%
back
25%
every
25%
hands
25%
heart,
25%
look
25%
"Oh,
25%
sometimes,
25%
standing
25%
deny
13%
words
13%
girl,
0%
Ransom
0%
Use
0%
No matching quizzes found
Score Distribution
Percent of People with Each Score
Percentile by Number Answered
Your Score History
You have not taken this quiz